Statistics for US States with the Most Death Row Inmates

Click here to take the quiz!

General Stats

  • This quiz has been taken 113 times
  • The average score is 6 of 10

Answer Stats

*no.State% Correct
232Texas
99%
740California
91%
353Florida
79%
185Alabama
69%
121Arizona
60%
144Ohio
54%
144North Carolina
52%
71Louisiana
47%
75Nevada
39%
160Pennsylvania
36%

Score Distribution

Percentile by Number Answered

Percent of People with Each Score

Your Score History

You have not taken this quiz